• 首页
  • 本馆介绍
  • 公告通知
  • 最新文献
  • 馆藏检索
  • 电子资源
  • 读者导购
  • 参考咨询
  • 我的图书馆
  • 登录
  • 详细信息显示
  • 放入我的书架
  • 预约/预借图书
  • 作者相关作品
  • 分类相关作品
  • 丛书相关作品
  • 出版社相关作品

书目信息

  • 表格格式
  • 工作单格式
  • 卡片格式
题名:
库存管理(一)(二)
    
 
作者: 赵启兰 , 刘宏志 主编
分册:  
出版信息: 北京   高等教育出版社  2005
页数: 451页
开本: 20cm
丛书名:
单 册:
中图分类: F253.4
科图分类:
主题词: 物资经济
电子资源:
ISBN: 7-04-017311-5
000 00785nam0 2200241 450
001 0735098061
005 20070729155219.81
010    @a7-04-017311-5@dCNY18.60
100    @a20070727d2005 km y0chiy0120 ea
101 0  @achi
102    @aCN@b110000
200 1  @a库存管理(一)(二)@Aku cun guan li(yi)(er)@e2005年版@f赵启兰,刘宏志主编@Fzhao qi lan,liu hong zhi zhu bian
210    @a北京@c高等教育出版社@d2005
215    @a451页@d20cm
300    @a中国物流职业经理资格证书考试全国高等教育自学考试物流管理专业指定教材
304    @a附:库存管理(一)(二)考试大纲
517 1  @a2005年版@A2005 nian ban
606 0  @a物资经济
690    @aF253.4@v3
701  0 @a赵启兰@Azhao qi lan@4主编
701  0 @a刘宏志@Aliu hong zhi@4主编
801  0 @aCN@bPFT@c20070729
905    @a10447@dF253.4@e110
    
    库存管理(一)(二):2005年版/赵启兰,刘宏志主编.-北京:高等教育出版社,2005
    451页;20cm
    中国物流职业经理资格证书考试全国高等教育自学考试物流管理专业指定教材
    
    ISBN 7-04-017311-5:CNY18.60
    
●
相关链接 在E读中查询图书 在五车中查询图书 在当当中查询图书 在豆瓣中查询图书


正题名:库存管理(一)(二)     索取号:F253.4/110         预约/预借

序号 登录号 条形码 馆藏地/架位号 状态 备注
1 0788331   207883316   第一样本阅览室/ [索取号:F253.4/110] 在馆    
唐山师范学院图书馆 欢迎您!
大连网信软件有限公司© 版权所有